Non posso stare altrove
Uloženo v:
| Hlavní autor: | |
|---|---|
| Médium: | Kniha |
| Jazyk: | angličtina |
| Vydáno: |
Il Rovescio
2011
|
| Tagy: |
Žádné tagy, Buďte první, kdo vytvoří štítek k tomuto záznamu!
|
MARC
| LEADER | 00000nam a2200000 4500 | ||
|---|---|---|---|
| 005 | 20240717184755.0 | ||
| 008 | 240717b |||||||| |||| 00| 0 eng d | ||
| 020 | |a 9788896285459 | ||
| 040 | |c GP | ||
| 100 | |a Cevolani, Marco | ||
| 245 | |a Non posso stare altrove | ||
| 260 | |b Il Rovescio |c 2011 | ||
| 942 | |2 ddc |c BK |n 0 | ||
| 952 | |0 0 |1 0 |2 ddc |4 0 |6 853_920000000000000_CEV |7 1 |9 1635 |a RM |b RM |d 2024-07-17 |l 0 |o 853.92 CEV |p 648 |r 2024-07-17 18:48:11 |w 2024-07-17 |y BK | ||
| 999 | |c 1451 |d 1451 | ||